ANIMAL PHYSIOLOGY AND ENDCRINOLOGY (Record no. 31347)
[ view plain ]
| 000 -LEADER | |
|---|---|
| fixed length control field | 00437nam a22001577a 4500 |
| 005 - DATE AND TIME OF LATEST TRANSACTION | |
| control field | 20250408081232.0 |
| 008 - FIXED-LENGTH DATA ELEMENTS--GENERAL INFORMATION | |
| fixed length control field | 250408b |||||||| |||| 00| 0 eng d |
| 040 ## - CATALOGING SOURCE | |
| Transcribing agency | |
| 100 ## - MAIN ENTRY--PERSONAL NAME | |
| Personal name | MISHRA DR DIWAKAR |
| 9 (RLIN) | 566 |
| 245 ## - TITLE STATEMENT | |
| Title | ANIMAL PHYSIOLOGY AND ENDCRINOLOGY |
| 250 ## - EDITION STATEMENT | |
| Edition statement | 1ST |
| 260 ## - PUBLICATION, DISTRIBUTION, ETC. | |
| Place of publication, distribution, etc. | DIBRUGARH |
| Name of publisher, distributor, etc. | MAHAVEER PUBLICATION |
| Date of publication, distribution, etc. | JANUARY, 2025 |
| 300 ## - PHYSICAL DESCRIPTION | |
| Extent | 470;P |
| Dimensions | 23CM |
| 700 ## - ADDED ENTRY--PERSONAL NAME | |
| Personal name | MISHRA DR. TRIPURARI |
| 942 ## - ADDED ENTRY ELEMENTS (KOHA) | |
| Source of classification or shelving scheme | Dewey Decimal Classification |
| Koha item type | Books |
| 700 ## - ADDED ENTRY--PERSONAL NAME | |
| 9 (RLIN) | 567 |
| Withdrawn status | Lost status | Source of classification or shelving scheme | Damaged status | Not for loan | Collection code | Home library | Current library | Shelving location | Date acquired | Total Checkouts | Full call number | Barcode | Date due | Date last seen | Date last checked out | Price effective from | Koha item type | Public note |
|---|---|---|---|---|---|---|---|---|---|---|---|---|---|---|---|---|---|---|
| Dewey Decimal Classification | TBZOO | Central Library and Information Centre Sibsagar Girls College | Central Library and Information Centre Sibsagar Girls College | ZOOLOGY BOOK RACK | 04.04.2025 | 2 | 571.1 MIS | 50183 | 03.06.2026 | 20.05.2026 | 20.05.2026 | 08.04.2025 | Books | V | ||||
| Dewey Decimal Classification | TBZOO | Central Library and Information Centre Sibsagar Girls College | Central Library and Information Centre Sibsagar Girls College | ZOOLOGY BOOK RACK | 04.04.2025 | 2 | 571.1 MIS | 50184 | 31.03.2026 | 04.03.2026 | 08.04.2025 | Books | V | |||||
| Dewey Decimal Classification | TBZOO | Central Library and Information Centre Sibsagar Girls College | Central Library and Information Centre Sibsagar Girls College | ZOOLOGY BOOK RACK | 04.04.2025 | 1 | 571.1 MIS | 50185 | 05.05.2026 | 17.03.2026 | 08.04.2025 | Books | V |